Matematyka - Statystyki

Ogólne statystyki
  • Ten quiz został rozwiązany 202 razy
    201 od ostatniego zresetowania
  • Średni wynik to 8 z 15
Statystyki odpowiedzi
Działanie Odpowiedź % Poprawnych
11*22*33*44*55*66*77*88÷22÷11÷33÷44÷55÷66÷77÷88÷1= 1
91%
2+2*2+2*2= 10
81%
3*3+3+3*3= 21
77%
4^4 ÷4= 64
70%
1+2+3+4+5+6+7+8+9+11= 56
68%
1*2+3*4+5*6+7*8= 100
52%
99÷88*8= 9
48%
-135*1*2*3= -810
45%
1+2*3-4+5*6-7+8*9-10= 88
43%
1188÷22 54
40%
123+456+789= 1368
38%
1*2*3*4*5*6*7= 5040
38%
2^11*3= 6144
35%
123+456*3= 1491
24%
987+654+321*4= 2925
15%
Nie znaleziono quizów pasujących do podanych kryteriów
Rozkład punktacji
Procent ludzi z każdym wynikiem
Percentyl według liczby udzielonych odpowiedzi
Twoja historia wyników
Nie rozwiązałeś tego quizu od ostatniego zresetowania